Citation de Friends (QCM) - Statistiques

Statistiques générales
  • Ce quiz a été pris 1 005 fois
  • Le résultat moyen est 6 sur 8
Statistiques - réponses
Question Réponse % Correct
"Joey pas partager son _____ !" manger
96%
"Je vais me suicider avec _____." des yaourts périmés
89%
"Si j’avais des seins j’arrêterais pas de _____ !" les regarder
86%
“Qui sait retirer _____ d’un magnétoscope ?” un poussin
85%
"Je comprend qu’il y ait Superman et le Père Noël mais que fait _____ aux funérailles du lapin de pâques ?" un porc-épic
80%
"Moi les bains, j'aime pas ça. T'es là, à rien faire, si ce n'est _____." macérer dans ta crasse
76%
"Imagine que Martin Luther King ait dit : « J’ai fait un rêve… _____ »." mais j’ai pas envie d’en parler
70%
“Je ne suis pas super fort en conseils... si tu as besoin d'un petit _____ par contre...” commentaire sarcastique
57%
Aucun quiz correspondant
Distribution des résultats
% des personnes avec chaque résultat
Percentile par nombre de réponses
Votre historique - résultats
Vous n’avez pas pris ce quiz